000 00858nam a2200205 a 4500
001 000048521
005 20201002061220.0
008 190327s2015 dr 000 0 spa d
040 _aDO-SdBNP
_bspa
_cBNPHU
082 _axx
_bxx
100 1 _aHoope, Jurgen
_975939
245 0 0 _aGuía parques nacionales de la República Dominicana. /
_ctexto Jurgen Hoppe ;coordinación general Lisset Fernández Brugal ; fotografías Ricardo Briones.
260 _aSanto Domingo :
_bFundación Propa-Gas ;
_bINPOSDOM;,
_c2015.
300 _a53 p. :
_bils., retrs. ;
_c32 cm.
590 _aInventariado, 2019/VM
700 1 _aFernández Brugal,Lisset
_ecoor.
_975940
700 1 _aBriones,Ricardo
_efotografías
_929826
710 2 _aMinisterio de Medioambiente y Recursos Natulez (República Dominicana)
_975941
710 2 _aFundación Propagas (República Dominicana)
_975942
999 _c48009
_d48009